Actors who worked with Tom Hooper - Statistics

General Stats
  • This quiz has been taken 15 times
  • The average score is 18 of 47
Answer Stats
Films Answer % Correct
Les Misérables, The King's Speech Helena Bonham Carter
100%
Les Misérables Hugh Jackman
100%
Les Misérables, The Danish Girl Eddie Redmayne
91%
The King's Speech Geoffrey Rush
91%
Cats Judi Dench
91%
Les Misérables Amanda Seyfried
82%
The King's Speech Colin Firth
82%
Les Misérables Russell Crowe
82%
Les Misérables Sacha Baron Cohen
82%
Les Misérables Anne Hathaway
73%
Cats Taylor Swift
73%
The Danish Girl Alicia Vikander
64%
Cats James Corden
64%
Cats Ian McKellen
55%
Cats Idris Elba
55%
The King's Speech Guy Pearce
45%
The King's Speech Michael Gambon
45%
The Damned United Michael Sheen
45%
The King's Speech, The Damned United Timothy Spall
45%
Cats Rebel Wilson
36%
The Danish Girl Amber Heard
27%
The Danish Girl Ben Whishaw
27%
The King's Speech Derek Jacobi
27%
Cats Jason Derulo
27%
The King's Speech Jennifer Ehle
27%
Cats Jennifer Hudson
27%
Red Dust Chiwetel Ejiofor
18%
The Damned United Colm Meaney
18%
Cats Francesca Hayward
18%
The Damned United, Longford Jim Broadbent
18%
The Damned United Ralph Ineson
18%
The Danish Girl Sebastian Koch
18%
Longford Andy Serkis
9%
The Danish Girl Emerald Fennell
9%
Red Dust Hilary Swank
9%
Red Dust Ian Roberts
9%
Red Dust Jamie Bartlett
9%
Longford Lindsay Duncan
9%
The Danish Girl Matthias Schoenaerts
9%
The Damned United Maurice Roeves
9%
The Danish Girl Nicholas Woodeson
9%
The Danish Girl Pip Torrens
9%
Cats Ray Winstone
9%
Longford Samantha Morton
9%
The Damned United Stephen Graham
9%
Les Misérables Hugh Skinner
0%
Les Misérables, The King's Speech, The Danish Girl Richard Dixon
0%
No matching quizzes found
Score Distribution
Percent of People with Each Score
Percentile by Number Answered
Your Score History
You have not taken this quiz